| 000 | 00428 a2200157 4500 | ||
|---|---|---|---|
| 003 | OSt | ||
| 005 | 20231227152141.0 | ||
| 008 | 231227b |||||||| |||| 00| 0 eng d | ||
| 020 | _a8170558379 | ||
| 040 | _coclc | ||
| 082 |
_a891.431 _bVAJ/J |
||
| 245 | _aJEEVAN KE BEECHONBEECH / | ||
| 260 |
_aNew Delhi: _bVani Prakashan, _c2001. |
||
| 300 | _a274p | ||
| 942 |
_2ddc _cBK _h891.431 _iVAJ/J _k891.431 _mVAJ/J |
||
| 999 |
_c43591 _d43591 |
||